00449nam a2200121Ia 4500008004100000020001800041100003500059245010100094260002700195650004000222650002200262856004300284171212s9999 xx 000 0 und d a9780833030306 aArquilla, John;Ronfeldt, David cArquilla, John;Ronfeldt, DavidaNetworks and NetwarsbThe Future of Terror, Crime, and Militancy bRAND Corporationc2001 aInformation warfare; Cyberterrorism aPolitical Science uwww.jstor.org/stable/10.7249/mr1382osd